Pět století od zdánlivého počátku
Asi 10.11.1494 vyšlo v Benátkach dielo - Pacioli, Luca: Summa de arithmetica, geometrica, proportioni et proportionalita, v ktorom v traktáte XI. O účtoch a zápisoch v 9. oddieli je časť "Použitie matematiky v obchodnom živote", teda traktát o podvojnom účtovníctve. Obsah časti. Osud diela po jeho v...
Guardado en:
| Autor principal: | |
|---|---|
| Formato: | Capítulo de libro |
| Lenguaje: | checo |
| Materias: | |
| Etiquetas: |
Sin Etiquetas, Sea el primero en etiquetar este registro!
|
MARC
| LEADER | 00000naa a2200000 4500 | ||
|---|---|---|---|
| 001 | r015725 | ||
| 005 | 20221205091459.5 | ||
| 041 | 0 | |a cze | |
| 044 | |a CZ | ||
| 245 | 1 | 0 | |a Pět století od zdánlivého počátku |c Miloslav Janhuba |
| 520 | |a Asi 10.11.1494 vyšlo v Benátkach dielo - Pacioli, Luca: Summa de arithmetica, geometrica, proportioni et proportionalita, v ktorom v traktáte XI. O účtoch a zápisoch v 9. oddieli je časť "Použitie matematiky v obchodnom živote", teda traktát o podvojnom účtovníctve. Obsah časti. Osud diela po jeho vydaní. | ||
| 610 | 2 | 0 | |a účtovníctvo |
| 610 | 2 | 0 | |a história |
| 610 | 2 | 0 | |a Pacioli, L. |
| 610 | 2 | 0 | |a účtovníctvo podvojné |
| 610 | 2 | 0 | |a 1494 |
| 100 | 1 | |a Janhuba, Miloslav | |